00389nam a2200133Ia 4500003000400000008004100004040001600045082001900061100001900080245006600099260004800165300000700213650003500220GCL140319s9999 xx 000 0 eng d aGCL / cGCL04aCHb423.1bP O1 aPARNWELL, E.C.10aOXFORD ENGLISH - ARABIC PICTURE DICTIONARY / cPARNWELL, E.C. a[S.N] : bOXFORD UNIVERSITY PRESS ، c1985 a8804aENCYCLOPEDIAS AND DICTIONARIES